New Trends and Advanced Methods in Interdisciplinary Mathematical Sciences (Запис № 449698)

МАРК-запис
000 -LEADER
fixed length control field 04084nam a22005775i 4500
001 - CONTROL NUMBER
control field 978-3-319-55612-3
003 - CONTROL NUMBER IDENTIFIER
control field DE-He213
005 - DATE AND TIME OF LATEST TRANSACTION
control field 20210118140309.0
007 - PHYSICAL DESCRIPTION FIXED FIELD--GENERAL INFORMATION
fixed length control field cr nn 008mamaa
008 - FIXED-LENGTH DATA ELEMENTS--GENERAL INFORMATION
fixed length control field 170706s2017 gw | s |||| 0|eng d
020 ## - INTERNATIONAL STANDARD BOOK NUMBER
International Standard Book Number 9783319556123
-- 978-3-319-55612-3
024 7# - OTHER STANDARD IDENTIFIER
Standard number or code 10.1007/978-3-319-55612-3
Source of number or code doi
050 #4 - LIBRARY OF CONGRESS CALL NUMBER
Classification number QC19.2-20.85
072 #7 - SUBJECT CATEGORY CODE
Subject category code PBWH
Source bicssc
072 #7 - SUBJECT CATEGORY CODE
Subject category code MAT003000
Source bisacsh
072 #7 - SUBJECT CATEGORY CODE
Subject category code PBWH
Source thema
082 04 - DEWEY DECIMAL CLASSIFICATION NUMBER
Classification number 519
Edition number 23
245 10 - TITLE STATEMENT
Title New Trends and Advanced Methods in Interdisciplinary Mathematical Sciences
Medium [electronic resource] /
Statement of responsibility, etc edited by Bourama Toni.
250 ## - EDITION STATEMENT
Edition statement 1st ed. 2017.
264 #1 -
-- Cham :
-- Springer International Publishing :
-- Imprint: Springer,
-- 2017.
300 ## - PHYSICAL DESCRIPTION
Extent XIV, 358 p. 42 illus. in color.
Other physical details online resource.
336 ## -
-- text
-- txt
-- rdacontent
337 ## -
-- computer
-- c
-- rdamedia
338 ## -
-- online resource
-- cr
-- rdacarrier
347 ## -
-- text file
-- PDF
-- rda
490 1# - SERIES STATEMENT
Series statement STEAM-H: Science, Technology, Engineering, Agriculture, Mathematics & Health,
Міжнародний стандартний серійний номер для назви серії (ISSN) 2520-193X
505 0# - FORMATTED CONTENTS NOTE
Formatted contents note Perfect Polygons and Geometric Triple Systems -- Geometric Triple Systems with Base Z and Zn -- Geometric Ramifications of Invariant Expressions in the Ternary Hypercommutative Variety -- The Psychoneuroimmunological Influences of Recreational Marijuan -- Image Segmentation with the aid of the p-adic metrics -- The Primes are everywhere, but nowhere... -- The Logical Combinatorial Approach Applied to Pattern Recognition in Medicine -- On the uniqueness of Invariant Measures for the stochastic infinite Darcy-Prandtl number model -- Pricing Barrier Options using Integral Transforms -- The Philosophy of Adelic Physics -- Nash Limit Cycles: A Game-theoretical Analysis of Cultural Integration in America -- Index.
520 ## - SUMMARY, ETC.
Summary, etc The latest of five multidisciplinary volumes, this book spans the STEAM-H (Science, Technology, Engineering, Agriculture, Mathematics, and Health) disciplines with the intent to generate meaningful interdisciplinary interaction and student interest. Emphasis is placed on important methods and applications within and beyond each field. Topics include geometric triple systems, image segmentation, pattern recognition in medicine, pricing barrier options, p-adic numbers distribution in geophysics data pattern, adelic physics, and evolutionary game theory. Contributions were by invitation only and peer-reviewed. Each chapter is reasonably self-contained and pedagogically presented for a multidisciplinary readership.
506 ## - RESTRICTIONS ON ACCESS NOTE
Terms governing access Available to subscribing member institutions only. Доступно лише організаціям членам підписки.
506 ## - RESTRICTIONS ON ACCESS NOTE
Standardized terminology for access restriction Online access from local network of NaUOA.
506 ## - RESTRICTIONS ON ACCESS NOTE
Standardized terminology for access restriction Online access with authorization at https://link.springer.com/
506 ## - RESTRICTIONS ON ACCESS NOTE
Standardized terminology for access restriction Онлайн-доступ з локальної мережі НаУОА.
506 ## - RESTRICTIONS ON ACCESS NOTE
Standardized terminology for access restriction Онлайн доступ з авторизацією на https://link.springer.com/
650 #0 - SUBJECT ADDED ENTRY--TOPICAL TERM
Topical term or geographic name as entry element Mathematical physics.
650 #0 - SUBJECT ADDED ENTRY--TOPICAL TERM
Topical term or geographic name as entry element Computer science—Mathematics.
650 #0 - SUBJECT ADDED ENTRY--TOPICAL TERM
Topical term or geographic name as entry element Computer mathematics.
650 14 - SUBJECT ADDED ENTRY--TOPICAL TERM
Topical term or geographic name as entry element Mathematical Applications in the Physical Sciences.
-- http://scigraph.springernature.com/things/product-market-codes/M13120
650 24 - SUBJECT ADDED ENTRY--TOPICAL TERM
Topical term or geographic name as entry element Mathematical Applications in Computer Science.
-- http://scigraph.springernature.com/things/product-market-codes/M13110
700 1# - ADDED ENTRY--PERSONAL NAME
Personal name Toni, Bourama.
Relator term editor.
Relator code edt
-- http://id.loc.gov/vocabulary/relators/edt
710 2# - ADDED ENTRY--CORPORATE NAME
Corporate name or jurisdiction name as entry element SpringerLink (Online service)
773 0# - HOST ITEM ENTRY
Title Springer eBooks
776 08 - ADDITIONAL PHYSICAL FORM ENTRY
Display text Printed edition:
International Standard Book Number 9783319556116
776 08 - ADDITIONAL PHYSICAL FORM ENTRY
Display text Printed edition:
International Standard Book Number 9783319556130
776 08 - ADDITIONAL PHYSICAL FORM ENTRY
Display text Printed edition:
International Standard Book Number 9783319857084
830 #0 - SERIES ADDED ENTRY--UNIFORM TITLE
Uniform title STEAM-H: Science, Technology, Engineering, Agriculture, Mathematics & Health,
-- 2520-193X
856 40 - ELECTRONIC LOCATION AND ACCESS
Uniform Resource Identifier <a href="https://doi.org/10.1007/978-3-319-55612-3">https://doi.org/10.1007/978-3-319-55612-3</a>
912 ## -
-- ZDB-2-SMA
942 ## - ADDED ENTRY ELEMENTS (KOHA)
Koha item type ЕКнига

Немає доступних примірників.